000 00401nam a22001457a 4500
008 170802b xxu||||| |||| 00| p tur d
041 _atur
050 _aPL248
245 _aYeşeren Otlar
260 _aİstanbul
_bVarlık Yayınları
_cEylül 1954
300 _a79 sayfa
500 _aVarlık Yayınları Sayı: 293; Yeni Türk Şiiri Serisi: 18
650 0 _9145
_aTürk Edebiyatı
942 _2lcc
_cBK
999 _c881
_d867